000 01390nam a2200337Ia 4500
001 ebr10022592
003 CaPaEBR
006 m u
007 cr cn|||||||||
008 010823s2001 wiu sb 001 0 eng d
020 _z0874626498 (pbk. : alk. paper)
040 _aCaPaEBR
_cCaPaEBR
035 _a(OCoLC)614709918
050 1 4 _aBR334.3
_b.S63 2001eb
082 0 4 _a284.1/092
_221
100 1 _aSobolewski, Gregory,
_d1955-
245 1 0 _aMartin Luther, Roman Catholic prophet
_h[electronic resource] /
_cby Gregory Sobolewski.
260 _aMilwaukee, Wisc. :
_bMarquette University Press,
_c2001.
300 _a187 p.
490 1 _aMarquette studies in theology ;
_vno. 25
504 _aIncludes bibliographical references and index.
533 _aElectronic reproduction.
_bPalo Alto, Calif. :
_cebrary,
_d2009.
_nAvailable via World Wide Web.
_nAccess may be limited to ebrary affiliated libraries.
600 1 0 _aLuther, Martin,
_d1483-1546.
610 2 0 _aCatholic Church
_xDoctrines
_xHistory
_y20th century.
610 2 0 _aCatholic Church
_xTeaching office
_xHistory
_y20th century.
650 0 _aChurch history.
655 7 _aElectronic books.
_2local
710 2 _aebrary, Inc.
830 0 _aMarquette studies in theology ;
_v#25.
856 4 0 _uhttp://site.ebrary.com/lib/rucke/Doc?id=10022592
_zAn electronic book accessible through the World Wide Web; click to view
999 _c9772
_d9772